| 000 | 00717nam a2200217 i 4500 | ||
|---|---|---|---|
| 001 | 135657 | ||
| 003 | ES-MaACL | ||
| 005 | 20250906063116.0 | ||
| 007 | t| | ||
| 008 | 070720s1978 sp ||||1| spa d | ||
| 080 | _a272 | ||
| 100 | 1 |
_aGarrido, Fernando, _d1821-1883 _955672 |
|
| 245 | 1 | 0 |
_aHistoria de las persecuciones / _cA. Torres de Castilla ; [versión J. Mª Moreno]. |
| 260 |
_aBarcelona : _bPetronio, _c[1978] |
||
| 300 |
_a2 v. : _bil. ; _c20 cm. |
||
| 594 | _aAlfonso Torres de Castilla es seudónimo de Fernando Garrido (1821-1883) | ||
| 650 | 4 |
_aPersecuciones religiosas. _915964 |
|
| 700 | 1 |
_aMoreno, J. M. _983287 |
|
| 852 |
_aES-MaACL _jA-8928-29 _bR.97831 |
||
| 999 |
_c135657 _d135657 |
||